Feminism- a review (Record no. 115811)

000 -LEADER
fixed length control field 00338pab a2200145 454500
008 - FIXED-LENGTH DATA ELEMENTS--GENERAL INFORMATION
fixed length control field 180718b2017 xxu||||| |||| 00| 0 eng d
100 ## - MAIN ENTRY--PERSONAL NAME
Personal name Priya, N.S. Vishnu
245 ## - TITLE STATEMENT
Title Feminism- a review
260 ## - PUBLICATION, DISTRIBUTION, ETC.
Date of publication, distribution, etc. 2017
300 ## - PHYSICAL DESCRIPTION
Extent p.483-490.
650 ## - SUBJECT ADDED ENTRY--TOPICAL TERM
Topical term or geographic name entry element Women
700 ## - ADDED ENTRY--PERSONAL NAME
Personal name Maheswari, C.N. Baby
773 ## - HOST ITEM ENTRY
Main entry heading Man in India
909 ## -
-- 115817
Holdings
Withdrawn status Lost status Damaged status Not for loan Permanent Location Current Location Date acquired Serial Enumeration / chronology Barcode Date last seen Price effective from Koha item type
        Indian Institute of Public Administration Indian Institute of Public Administration 2018-07-19 Volume no: 97, Issue no: 2 AR116277 2018-07-19 2018-07-19 Articles

Powered by Koha